000 00365nam a2200145Ia 4500
008 240624s9999 xx 000 0 und d
041 _aeng
082 _a658.401 MAC
100 _aMACIARIELLO JOSEPH S
245 _aMANAGEMENT CONTROL SYSTEMS
250 _a(2nd ed.)
260 _c2000
_aNew Delhi
_bPrentice-Hall
300 _ax, : 662 : p. : cm. ; 24
365 _cRS
999 _c411
_d411